[Event "NB II. Asztalos csoport"]
[Site "Szentlorinc"]
[Date "2024.04.21"]
[Round "8.7"]
[White "Haszon, Attila"]
[Black "Peregi, Zsolt"]
[Result "0-1"]
[WhiteElo "1857"]
[BlackElo "1957"]
[PlyCount "49"]
[EventDate "2023.10.08"]
[EventType "team-tourn"]
[EventRounds "9"]
[EventCountry "HUN"]
[Source "chess.hu"]
[WhiteTeam "Marcali VSZSE"]
[BlackTeam "Szentlorinc"]
[WhiteTeamCountry "HUN"]
[BlackTeamCountry "HUN"]

1. d4 Nf6 2. Nf3 d5 3. c4 g6 4. Bg5 Ne4 5. Bf4 c5 6. cxd5 Bg7 7. e3 O-O 8. Bd3
Qxd5 9. Nc3 Nxc3 10. bxc3 cxd4 11. cxd4 Nc6 12. a3 Rd8 13. O-O e5 14. e4 Qd6
15. Bg5 f6 16. Bc4+ Kh8 17. d5 Na5 18. Qa4 Nxc4 19. Qxc4 fxg5 20. Nxg5 Qe7 21.
h4 Rd6 22. Rac1 h6 23. Nf3 Bg4 24. Rc3 Rf8 25. Nh2 0-1

[Event "NB II. Asztalos csoport"]
[Site "Szentlorinc"]
[Date "2024.04.21"]
[Round "8.8"]
[White "Jerant, Gyorgy"]
[Black "Jankovics, Emod"]
[Result "1/2-1/2"]
[WhiteElo "1954"]
[BlackElo "1714"]
[PlyCount "83"]
[EventDate "2023.10.08"]
[EventType "team-tourn"]
[EventRounds "9"]
[EventCountry "HUN"]
[Source "chess.hu"]
[WhiteTeam "Szentlorinc"]
[BlackTeam "Marcali VSZSE"]
[WhiteTeamCountry "HUN"]
[BlackTeamCountry "HUN"]

1. e4 c5 2. Nf3 Nc6 3. d4 cxd4 4. Nxd4 g6 5. c4 Nf6 6. Nc3 d6 7. Be2 Nxd4 8.
Qxd4 Bg7 9. Be3 O-O 10. Qd2 a5 11. O-O a4 12. f3 Qa5 13. Rac1 Be6 14. Nd5 Nxd5
15. Qxa5 Rxa5 16. cxd5 Bc8 17. Bb6 Ra8 18. Rc2 e6 19. Bc4 exd5 20. Bxd5 Be6 21.
Rd1 Ra6 22. Bd4 Bxd5 23. Bxg7 Bxe4 24. fxe4 Kxg7 25. Rcd2 Re8 26. Rxd6 Rxd6 27.
Rxd6 Rxe4 28. Rb6 Re7 29. Rb4 Rc7 30. Rxa4 Rc1+ 31. Kf2 Rc2+ 32. Kf3 Rxb2 33.
h4 h5 34. g3 f6 35. Ra5 Kh6 36. Ra8 g5 37. hxg5+ fxg5 38. Rh8+ Kg6 39. Rg8+ Kf6
40. Rb8 Rxa2 41. Rxb7 Ra3+ 42. Kf2 1/2-1/2

[Event "NB II. Asztalos csoport"]
[Site "Szentlorinc"]
[Date "2024.04.21"]
[Round "8.9"]
[White "Angyan, Mark"]
[Black "Csoszi, Csenge"]
[Result "1/2-1/2"]
[WhiteElo "1724"]
[BlackElo "1791"]
[PlyCount "70"]
[EventDate "2023.10.08"]
[EventType "team-tourn"]
[EventRounds "9"]
[EventCountry "HUN"]
[Source "chess.hu"]
[WhiteTeam "Marcali VSZSE"]
[BlackTeam "Szentlorinc"]
[WhiteTeamCountry "HUN"]
[BlackTeamCountry "HUN"]

1. d4 Nf6 2. Bf4 g6 3. Nc3 Bg7 4. e4 d6 5. Qd2 O-O 6. O-O-O c6 7. Bh6 b5 8. f3
a5 9. g4 a4 10. a3 Qa5 11. Bxg7 Kxg7 12. Na2 Qxd2+ 13. Rxd2 Bd7 14. h4 c5 15.
d5 Na6 16. c3 Nc7 17. Bh3 Nfe8 18. g5 Bxh3 19. Rxh3 f5 20. Kc2 fxe4 21. fxe4
Na6 22. Rf3 Nec7 23. Rdf2 Rxf3 24. Rxf3 Rf8 25. Rxf8 Kxf8 26. Kd3 Kg7 27. Nf3
e6 28. dxe6 Nxe6 29. Ke3 h6 30. Kf2 hxg5 31. hxg5 Nf4 32. Ke3 Ne6 33. Kf2 Nb8
34. Nc1 Nc6 35. Nd3 Kf7 1/2-1/2

[Event "NB II. Asztalos csoport"]
[Site "Szentlorinc"]
[Date "2024.04.21"]
[Round "8.10"]
[White "Konya, Attila"]
[Black "Dan, Abraham"]
[Result "1-0"]
[WhiteElo "1846"]
[BlackElo "1663"]
[PlyCount "103"]
[EventDate "2023.10.08"]
[EventType "team-tourn"]
[EventRounds "9"]
[EventCountry "HUN"]
[Source "chess.hu"]
[WhiteTeam "Szentlorinc"]
[BlackTeam "Marcali VSZSE"]
[WhiteTeamCountry "HUN"]
[BlackTeamCountry "HUN"]

1. e4 c6 2. d4 d5 3. Nc3 dxe4 4. Nxe4 Bf5 5. Ng3 Bg6 6. h4 h6 7. Nf3 Nf6 8. h5
Bh7 9. Bd3 Bxd3 10. Qxd3 e6 11. Bf4 Bd6 12. Ne5 Qc7 13. Ne4 Nxe4 14. Qxe4 Nd7
15. O-O-O Nf6 16. Qe2 Nd5 17. Bd2 Bxe5 18. dxe5 O-O-O 19. Kb1 Rd7 20. g3 Rhd8
21. f4 Qb6 22. a3 Ne3 23. Bxe3 Rxd1+ 24. Rxd1 Rxd1+ 25. Qxd1 Qxe3 26. Qg4 Qe1+
27. Ka2 Qe4 28. Qd1 Qd5+ 29. Qxd5 exd5 30. Kb3 Kd7 31. f5 c5 32. Kc3 a5 33. a4
Kc6 34. Kd3 b5 35. axb5+ Kxb5 36. g4 Kc6 37. g5 hxg5 38. f6 gxf6 39. h6 fxe5
40. h7 e4+ 41. Ke2 f5 42. h8=Q f4 43. Qh6+ Kb5 44. Qxg5 f3+ 45. Ke3 Kc4 46. Qf6
Kb5 47. Qf7 Kc4 48. b3+ Kc3 49. Qxd5 Kxc2 50. Qxc5+ Kxb3 51. Qxa5 Kc4 52. Qa4+
1-0

[Event "NB II. Asztalos csoport"]
[Site "Szentlorinc"]
[Date "2024.04.21"]
[Round "8.11"]
[White "Bihary, Soma Botond"]
[Black "Szakal, Bela"]
[Result "1-0"]
[WhiteElo "1747"]
[BlackElo "1832"]
[PlyCount "55"]
[EventDate "2023.10.08"]
[EventType "team-tourn"]
[EventRounds "9"]
[EventCountry "HUN"]
[Source "chess.hu"]
[WhiteTeam "Marcali VSZSE"]
[BlackTeam "Szentlorinc"]
[WhiteTeamCountry "HUN"]
[BlackTeamCountry "HUN"]

1. e4 e6 2. d4 d5 3. Nd2 c6 4. Ngf3 Ne7 5. Bd3 Ng6 6. Nf1 Bd6 7. Ng3 O-O 8. Be3
Nd7 9. e5 Be7 10. c3 Qe8 11. h4 f5 12. exf6 Bxf6 13. h5 Nh8 14. Qc2 g6 15. Bh6
Bg7 16. hxg6 Nxg6 17. Ng5 Nf6 18. Nh5 Bxh6 19. Nxf6+ Rxf6 20. Rxh6 Rf5 21. Bxf5
exf5+ 22. Qe2 Qxe2+ 23. Kxe2 Nf8 24. Rah1 Bd7 25. Nxh7 Re8+ 26. Kd2 Nxh7 27.
Rxh7 Be6 28. Rh8+ 1-0

[Event "NB II. Asztalos csoport"]
[Site "Szentlorinc"]
[Date "2024.04.21"]
[Round "8.12"]
[White "Antal, Daniel"]
[Black "Nemeth, Mate Barnabas"]
[Result "0-1"]
[WhiteElo "1655"]
[BlackElo "1648"]
[PlyCount "75"]
[EventDate "2023.10.08"]
[EventType "team-tourn"]
[EventRounds "9"]
[EventCountry "HUN"]
[Source "chess.hu"]
[WhiteTeam "Szentlorinc"]
[BlackTeam "Marcali VSZSE"]
[WhiteTeamCountry "HUN"]
[BlackTeamCountry "HUN"]

1. c4 e5 2. Nc3 Nf6 3. e3 Nc6 4. d4 exd4 5. exd4 d5 6. cxd5 Nxd5 7. Bb5 Bb4 8.
Bxc6+ bxc6 9. Nge2 Qe7 10. O-O O-O 11. Bd2 Bxc3 12. bxc3 Bg4 13. Re1 Rfe8 14.
f3 Ne3 15. Qc1 Bxf3 16. gxf3 Nc4 17. Ng3 Qf6 18. Kg2 h5 19. Nxh5 Qg6+ 20. Ng3
Qd3 21. Bf4 Rxe1 22. Qxe1 Rb8 23. Rc1 Rb2+ 24. Kg1 Qxf3 25. Qe8+ Kh7 26. Qe4+
Qxe4 27. Nxe4 Rxa2 28. Rb1 a5 29. Nc5 a4 30. Rb4 Nb2 31. c4 a3 32. d5 Ra1+ 33.
Kg2 Rb1 34. Be5 a2 35. Nb3 Nd3 36. Ra4 Nxe5 37. Nd2 a1=Q 38. Rxa1 0-1

[Event "NB II. Asztalos csoport"]
[Site "Komlo"]
[Date "2024.04.21"]
[Round "8.2"]
[White "Nemeth, Attila Janos"]
[Black "Follardt, Lorinc"]
[Result "1-0"]
[WhiteElo "1945"]
[BlackElo "1978"]
[PlyCount "87"]
[EventDate "2023.10.08"]
[EventType "team-tourn"]
[EventRounds "9"]
[EventCountry "HUN"]
[Source "chess.hu"]
[WhiteTeam "Komloi BSK"]
[BlackTeam "Bajai SSC"]
[WhiteTeamCountry "HUN"]
[BlackTeamCountry "HUN"]

1. d4 Nf6 2. c4 d6 3. Nc3 g6 4. e4 Bg7 5. Be2 Nbd7 6. Be3 e5 7. d5 Nc5 8. f3 a5
9. g4 b6 10. h4 h6 11. Qd2 Bd7 12. Nh3 Ng8 13. Nf2 Bf6 14. g5 hxg5 15. hxg5
Rxh1+ 16. Nxh1 Bg7 17. Nf2 f5 18. gxf6 Bxf6 19. O-O-O Qe7 20. Nb5 Bxb5 21. cxb5
Bh4 22. Rg1 Qf7 23. Rh1 Bxf2 24. Bxf2 Nxe4 25. fxe4 Qxf2 26. Qc2 Qc5 27. Bg4
Kf8 28. Rh7 Qg1+ 29. Bd1 Rc8 30. Qd2 g5 31. Qe2 Qg3 32. Qg4 Qf4+ 33. Kc2 Qxg4
34. Bxg4 Rd8 35. Rxc7 Nf6 36. Bf5 Ke8 37. Bg6+ Kf8 38. Rf7+ Kg8 39. Rxf6 Kg7
40. Re6 g4 41. Bf5 Rh8 42. Bxg4 Rh2+ 43. Kc3 Rg2 44. Bf5 1-0

[Event "NB II. Asztalos csoport"]
[Site "Komlo"]
[Date "2024.04.21"]
[Round "8.3"]
[White "Darazs, Zoltan"]
[Black "Bator, Balazs"]
[Result "1-0"]
[WhiteElo "2030"]
[BlackElo "1976"]
[PlyCount "91"]
[EventDate "2023.10.08"]
[EventType "team-tourn"]
[EventRounds "9"]
[EventCountry "HUN"]
[Source "chess.hu"]
[WhiteTeam "Bajai SSC"]
[BlackTeam "Komloi BSK"]
[WhiteTeamCountry "HUN"]
[BlackTeamCountry "HUN"]

1. e4 c5 2. Nf3 Nc6 3. d4 cxd4 4. Nxd4 Nf6 5. Nc3 e5 6. Ndb5 d6 7. Bg5 a6 8.
Na3 b5 9. Bxf6 gxf6 10. Nd5 Bg7 11. Bd3 O-O 12. O-O Ne7 13. Nxe7+ Qxe7 14. c4
f5 15. Qf3 Rb8 16. cxb5 d5 17. exd5 e4 18. Qe2 Re8 19. Bc4 f4 20. f3 Qg5 21.
fxe4 Bg4 22. Qc2 f3 23. g3 Qe3+ 24. Qf2 Qxe4 25. Rad1 Rec8 26. Rfe1 Qg6 27. Bd3
Qf6 28. Nc4 Bf8 29. d6 axb5 30. Ne5 Be6 31. Bb1 Ra8 32. Qxf3 Qxf3 33. Nxf3 Bxa2
34. Bxa2 Rxa2 35. d7 Rd8 36. Re8 Raa8 37. Rxd8 Rxd8 38. Ne5 Bc5+ 39. Kg2 Kf8
40. Nc6 Bb6 41. Nxd8 Bxd8 42. Rd5 b4 43. Kf3 Ke7 44. Ke4 Bc7 45. Kd4 Bd6 46.
Rxd6 1-0

[Event "NB II. Asztalos csoport"]
[Site "Komlo"]
[Date "2024.04.21"]
[Round "8.4"]
[White "Gyorke, Zoltan"]
[Black "Arato, Bela"]
[Result "0-1"]
[WhiteElo "1972"]
[BlackElo "2022"]
[PlyCount "40"]
[EventDate "2023.10.08"]
[EventType "team-tourn"]
[EventRounds "9"]
[EventCountry "HUN"]
[Source "chess.hu"]
[WhiteTeam "Komloi BSK"]
[BlackTeam "Bajai SSC"]
[WhiteTeamCountry "HUN"]
[BlackTeamCountry "HUN"]

1. e4 c5 2. Nf3 Nc6 3. d4 cxd4 4. Nxd4 g6 5. Nc3 Bg7 6. Be3 Nf6 7. Bc4 Qa5 8.
Nxc6 bxc6 9. O-O O-O 10. Bd4 Qb4 11. Qd3 d5 12. exd5 Bf5 13. Qe2 cxd5 14. Nxd5
Nxd5 15. Bxg7 Nf4 16. Qe5 Qxc4 17. Bxf8 Rxf8 18. Qxe7 Qxc2 19. Qxa7 Be4 20.
Rac1 Ne2+ 0-1

[Event "NB II. Asztalos csoport"]
[Site "Komlo"]
[Date "2024.04.21"]
[Round "8.5"]
[White "Javor, Sandor"]
[Black "Szaz, Ferenc"]
[Result "1/2-1/2"]
[WhiteElo "2107"]
[BlackElo "1938"]
[PlyCount "45"]
[EventDate "2023.10.08"]
[EventType "team-tourn"]
[EventRounds "9"]
[EventCountry "HUN"]
[Source "chess.hu"]
[WhiteTeam "Bajai SSC"]
[BlackTeam "Komloi BSK"]
[WhiteTeamCountry "HUN"]
[BlackTeamCountry "HUN"]

1. f4 d5 2. Nf3 c5 3. e3 Nc6 4. d4 Nf6 5. c3 e6 6. Bd3 c4 7. Bc2 b5 8. O-O a5
9. Nbd2 Ng4 10. Qe2 f5 11. Ne5 Ngxe5 12. dxe5 a4 13. a3 h5 14. Nf3 Bc5 15. Bd2
Bd7 16. Nd4 Nxd4 17. exd4 Be7 18. Rf2 Kf7 19. Re1 g6 20. g3 Qg8 21. Qf3 Qh7 22.
Rg2 Rag8 23. h4 1/2-1/2

[Event "NB II. Asztalos csoport"]
[Site "Komlo"]
[Date "2024.04.21"]
[Round "8.6"]
[White "Varga, Miklos"]
[Black "Kosa, Jeno"]
[Result "0-1"]
[WhiteElo "1935"]
[BlackElo "2041"]
[PlyCount "112"]
[EventDate "2023.10.08"]
[EventType "team-tourn"]
[EventRounds "9"]
[EventCountry "HUN"]
[Source "chess.hu"]
[WhiteTeam "Komloi BSK"]
[BlackTeam "Bajai SSC"]
[WhiteTeamCountry "HUN"]
[BlackTeamCountry "HUN"]

1. d4 Nf6 2. c4 g6 3. Nc3 d5 4. e3 Bg7 5. Nf3 O-O 6. Be2 c5 7. O-O cxd4 8. exd4
dxc4 9. Bxc4 Bg4 10. Be3 Nc6 11. h3 Bf5 12. Qe2 Na5 13. Bd3 Bxd3 14. Qxd3 e6
15. Rfd1 Nd5 16. Rac1 Rc8 17. Ne5 f6 18. Nxd5 Qxd5 19. Nxg6 hxg6 20. Qxg6 Qf5
21. Qg3 Rxc1 22. Rxc1 Nc6 23. h4 Rf7 24. Rc5 Qb1+ 25. Kh2 Qh7 26. b4 Ne7 27.
Qb8+ Bf8 28. Qg3+ Rg7 29. Qh3 Nf5 30. Rc8 Qxh4 31. Qxh4 Nxh4 32. Bh6 Rf7 33.
Re8 Ng6 34. Kg3 Kh7 35. Bd2 Re7 36. Rd8 Bh6 37. f4 Nf8 38. b5 Rd7 39. Rb8 Ng6
40. Kg4 Ne7 41. Re8 Kg6 42. g3 Kf7 43. Rb8 Bg7 44. Bc3 Nd5 45. Bb2 f5+ 46. Kh5
Nb4 47. a4 b6 48. Rc8 Nd3 49. Bc3 Nf2 50. Bb2 Bf6 51. Ba3 Be7 52. Bb2 Rd8 53.
Rxd8 Bxd8 54. d5 exd5 55. Be5 Ne4 56. Bb8 Kg7 0-1

[Event "NB II. Asztalos csoport"]
[Site "Komlo"]
[Date "2024.04.21"]
[Round "8.7"]
[White "Kelemen, Aron"]
[Black "Berci, Gyula"]
[Result "1-0"]
[WhiteElo "1921"]
[BlackElo "1902"]
[PlyCount "51"]
[EventDate "2023.10.08"]
[EventType "team-tourn"]
[EventRounds "9"]
[EventCountry "HUN"]
[Source "chess.hu"]
[WhiteTeam "Bajai SSC"]
[BlackTeam "Komloi BSK"]
[WhiteTeamCountry "HUN"]
[BlackTeamCountry "HUN"]

1. d4 e6 2. c4 d5 3. Nc3 Nf6 4. Bg5 Be7 5. e3 O-O 6. Nf3 a6 7. cxd5 exd5 8. Bd3
h6 9. Bh4 c6 10. O-O Bg4 11. h3 Bh5 12. g4 Bg6 13. Bxg6 fxg6 14. Ne5 g5 15. Bg3
Bd6 16. Qb3 Qc7 17. Rac1 Re8 18. e4 Nbd7 19. exd5 c5 20. Rfe1 b5 21. a4 b4 22.
Ne4 Nxe4 23. Rxe4 Nf6 24. Ree1 Kh8 25. Rxc5 Qb8 26. Rc6 1-0

[Event "NB II. Asztalos csoport"]
[Site "Komlo"]
[Date "2024.04.21"]
[Round "8.8"]
[White "Kollar, Tibor"]
[Black "Brindza, Istvan"]
[Result "0-1"]
[WhiteElo "1816"]
[BlackElo "1911"]
[PlyCount "70"]
[EventDate "2023.10.08"]
[EventType "team-tourn"]
[EventRounds "9"]
[EventCountry "HUN"]
[Source "chess.hu"]
[WhiteTeam "Komloi BSK"]
[BlackTeam "Bajai SSC"]
[WhiteTeamCountry "HUN"]
[BlackTeamCountry "HUN"]

1. e4 e5 2. Nf3 Nc6 3. Bc4 Nf6 4. Ng5 d5 5. exd5 Na5 6. Bb5+ c6 7. dxc6 bxc6 8.
Be2 h6 9. Nf3 e4 10. Ne5 Qd4 11. f4 Bc5 12. Rf1 Bb6 13. c3 Qd6 14. b4 Nb7 15.
d4 exd3 16. Qxd3 Qc7 17. a4 a5 18. b5 Nc5 19. Qc2 O-O 20. Nd2 cxb5 21. axb5 Bb7
22. Bf3 Rfe8 23. Ndc4 Be4 24. Bxe4 Ncxe4 25. Nxb6 Qxb6 26. Qb3 Qc7 27. Rf3 Re6
28. Kf1 Rd8 29. Be3 Nd2+ 30. Bxd2 Rxd2 31. Re1 Nd5 32. Nc4 Rxe1+ 33. Kxe1 Rxg2
34. b6 Qb7 35. Nd6 Qe7+ 0-1

[Event "NB II. Asztalos csoport"]
[Site "Komlo"]
[Date "2024.04.21"]
[Round "8.9"]
[White "Jaeger, Laszlo"]
[Black "Jehn, Csaba"]
[Result "0-1"]
[WhiteElo "1876"]
[BlackElo "1825"]
[PlyCount "86"]
[EventDate "2023.10.08"]
[EventType "team-tourn"]
[EventRounds "9"]
[EventCountry "HUN"]
[Source "chess.hu"]
[WhiteTeam "Bajai SSC"]
[BlackTeam "Komloi BSK"]
[WhiteTeamCountry "HUN"]
[BlackTeamCountry "HUN"]

1. e4 Nc6 2. d4 d5 3. e5 Bf5 4. c3 Qd7 5. Ne2 f6 6. f4 O-O-O 7. Ng3 g5 8. Nxf5
Qxf5 9. Bd3 Qd7 10. exf6 gxf4 11. fxe7 Qxe7+ 12. Qe2 Qh4+ 13. Qf2 Re8+ 14. Kf1
Qg4 15. Be2 Qe6 16. Bxf4 Nf6 17. Nd2 Rg8 18. Re1 h5 19. Bf3 Qf5 20. Rxe8+ Nxe8
21. Bd1 Nf6 22. Bg3 Qe6 23. Bf3 Bh6 24. Bh4 Rf8 25. Bxf6 Rxf6 26. Qe2 Qf5 27.
Qe8+ Nd8 28. Nb3 Re6 29. Qxh5 Qb1+ 30. Kf2 Qxb2+ 31. Kg3 Qxc3 32. Nc5 Rd6 33.
Qf5+ Kb8 34. Nd7+ Ka8 35. Nf6 a6 36. Nxd5 Qxd4 37. Nxc7+ Ka7 38. Ne8 Re6 39.
Rd1 Bd2 40. h3 Rxe8 41. Rb1 Re5 42. Qc8 Bf4+ 43. Kh4 Qf2+ 0-1

[Event "NB II. Asztalos csoport"]
[Site "Komlo"]
[Date "2024.04.21"]
[Round "8.10"]
[White "Csiszar, Vivien"]
[Black "Vuity, Janos"]
[Result "1/2-1/2"]
[WhiteElo "1607"]
[BlackElo "1870"]
[PlyCount "31"]
[EventDate "2023.10.08"]
[EventType "team-tourn"]
[EventRounds "9"]
[EventCountry "HUN"]
[Source "chess.hu"]
[WhiteTeam "Komloi BSK"]
[BlackTeam "Bajai SSC"]
[WhiteTeamCountry "HUN"]
[BlackTeamCountry "HUN"]

1. e4 c6 2. d4 d5 3. exd5 cxd5 4. Nf3 Nc6 5. Nbd2 Nf6 6. Bb5 Qb6 7. c4 a6 8.
Qa4 Bd7 9. Bxc6 Bxc6 10. Qb3 Qxb3 11. axb3 e6 12. c5 Bb5 13. Ne5 Be7 14. Ndf3
O-O 15. h3 Ne4 16. Nd2 1/2-1/2

[Event "NB II. Asztalos csoport"]
[Site "Komlo"]
[Date "2024.04.21"]
[Round "8.11"]
[White "Baki, Bence"]
[Black "Nemeth, David Istvan"]
[Result "0-1"]
[WhiteElo "1883"]
[BlackElo "1676"]
[PlyCount "120"]
[EventDate "2023.10.08"]
[EventType "team-tourn"]
[EventRounds "9"]
[EventCountry "HUN"]
[Source "chess.hu"]
[WhiteTeam "Bajai SSC"]
[BlackTeam "Komloi BSK"]
[WhiteTeamCountry "HUN"]
[BlackTeamCountry "HUN"]

1. e4 e5 2. Nf3 Nc6 3. Bc4 f5 4. d3 f4 5. Nc3 Bb4 6. g3 Bxc3+ 7. bxc3 Qf6 8.
gxf4 exf4 9. d4 g5 10. e5 Qe7 11. h4 Na5 12. Bd3 g4 13. Ng5 d5 14. a4 Nc4 15.
Bxc4 dxc4 16. Bxf4 Bf5 17. f3 h6 18. Ne4 Qf7 19. Qe2 gxf3 20. Qxf3 O-O-O 21.
Rb1 Qd5 22. Nd2 Qxf3 23. Nxf3 Bxc2 24. Rc1 Bxa4 25. Nd2 Bc6 26. Rg1 Bd5 27. Ra1
a6 28. Ra5 Ne7 29. e6 Rdg8 30. Rf1 Rg6 31. Kd1 Rf8 32. Rc5 c6 33. Nxc4 Bxc4 34.
Rxc4 Rg4 35. d5 Nxd5 36. Re1 Rgxf4 37. e7 Re8 38. Rxf4 Nxf4 39. Rf1 Ne6 40. Rf6
Rxe7 41. Rxh6 Kd7 42. Rg6 Rg7 43. Rh6 Nf8 44. Kd2 Ke7 45. Rh5 Rh7 46. Re5+ Kd6
47. Rf5 Ke7 48. h5 Ne6 49. Re5 Kf6 50. Ra5 Ng7 51. Ra3 Rxh5 52. c4 Nf5 53. Rb3
Nd6 54. Rf3+ Rf5 55. Rb3 Nxc4+ 56. Kc3 b5 57. Rb1 Rf3+ 58. Kb4 Rf5 59. Rh1 a5+
60. Kc3 Ke5 0-1

[Event "NB II. Asztalos csoport"]
[Site "Baja"]
[Date "2024.05.12"]
[Round "9.2"]
[White "Gabric, Goran"]
[Black "Remenyi, Szilard"]
[Result "1-0"]
[WhiteElo "2181"]
[BlackElo "1999"]
[PlyCount "51"]
[EventDate "2023.10.08"]
[EventType "team-tourn"]
[EventRounds "9"]
[EventCountry "HUN"]
[Source "chess.hu"]
[WhiteTeam "Bajai SSC"]
[BlackTeam "Racalmas-Kiralysakk "]
[WhiteTeamCountry "HUN"]
[BlackTeamCountry "HUN"]

1. e4 c5 2. Nf3 Nc6 3. d4 cxd4 4. Nxd4 d6 5. Be3 Nf6 6. Nc3 g6 7. f3 Bg7 8. Qd2
O-O 9. Bc4 Bd7 10. O-O-O Qa5 11. Kb1 Rfc8 12. Bb3 Ne5 13. Bh6 Nc4 14. Bxc4 Rxc4
15. Bxg7 Kxg7 16. g4 h5 17. g5 Ne8 18. f4 Rac8 19. Nb3 Qc7 20. Nd5 Qd8 21. Na5
Bg4 22. Nxc4 Rxc4 23. Qd3 b5 24. b3 Rc5 25. Qd4+ Kh7 26. Qxc5 1-0

[Event "NB II. Asztalos csoport"]
[Site "Baja"]
[Date "2024.05.12"]
[Round "9.3"]
[White "Katona, Ferenc"]
[Black "Balint, Richard"]
[Result "1-0"]
[WhiteElo "2092"]
[BlackElo "2091"]
[PlyCount "133"]
[EventDate "2023.10.08"]
[EventType "team-tourn"]
[EventRounds "9"]
[EventCountry "HUN"]
[Source "chess.hu"]
[WhiteTeam "Racalmas-Kiralysakk "]
[BlackTeam "Bajai SSC"]
[WhiteTeamCountry "HUN"]
[BlackTeamCountry "HUN"]

1. d4 Nf6 2. f4 g6 3. e3 Bg7 4. Nf3 d6 5. Bd3 O-O 6. O-O Nc6 7. c3 e5 8. fxe5
dxe5 9. Bb5 Bg4 10. Bxc6 bxc6 11. h3 Bxf3 12. Qxf3 e4 13. Qf2 Nd5 14. b3 f5 15.
Qe1 a5 16. Ba3 Rf7 17. Bc1 Bf8 18. Na3 Bd6 19. Nc4 Qg5 20. Nxd6 cxd6 21. Bd2
Rb7 22. c4 Nb4 23. Bxb4 Rxb4 24. Rf4 Rab8 25. g4 a4 26. h4 Qf6 27. gxf5 gxf5
28. Qf2 axb3 29. Rxf5 b2 30. Rb1 Qe6 31. Kh2 R4b7 32. d5 cxd5 33. cxd5 Qe7 34.
Qe1 Rc7 35. Rg5+ Kh8 36. Qd2 h6 37. Rxb2 Rxb2 38. Qxb2+ Kh7 39. Rg4 Rc4 40. Rf4
Qg7 41. Qf2 Qe5 42. Kh3 Rc1 43. Qg2 Qxd5 44. Qxe4+ Qxe4 45. Rxe4 Kg7 46. Kg4 d5
47. Rd4 Rc3 48. Kf4 Ra3 49. Rxd5 Rxa2 50. h5 Rh2 51. e4 Rh4+ 52. Ke3 Kf7 53.
Kd4 Ke7 54. Ra5 Kd7 55. Ra7+ Ke8 56. Kd5 Rxh5+ 57. Ke6 Kd8 58. Kd6 Ke8 59. e5
Rh1 60. Ra8+ Kf7 61. e6+ Kf6 62. Rf8+ Kg5 63. e7 Rd1+ 64. Kc5 Re1 65. e8=Q Rxe8
66. Rxe8 h5 67. Kd4 1-0

[Event "NB II. Asztalos csoport"]
[Site "Baja"]
[Date "2024.05.12"]
[Round "9.4"]
[White "Follardt, Lorinc"]
[Black "Remenyi, Lajos Jr"]
[Result "1-0"]
[WhiteElo "1966"]
[BlackElo "1981"]
[PlyCount "51"]
[EventDate "2023.10.08"]
[EventType "team-tourn"]
[EventRounds "9"]
[EventCountry "HUN"]
[Source "chess.hu"]
[WhiteTeam "Bajai SSC"]
[BlackTeam "Racalmas-Kiralysakk "]
[WhiteTeamCountry "HUN"]
[BlackTeamCountry "HUN"]

1. e4 c5 2. Nf3 e6 3. d4 cxd4 4. Nxd4 a6 5. Be3 Qc7 6. c4 Nf6 7. Bd3 Be7 8. O-O
d6 9. Nc3 Nbd7 10. f4 b6 11. Rc1 O-O 12. g4 Nc5 13. g5 Ng4 14. Qe2 Nxd3 15.
Qxd3 Nxe3 16. Qxe3 Bb7 17. f5 e5 18. Nf3 d5 19. Nxd5 Bc5 20. Nxc7 Bxe3+ 21. Kg2
Bxc1 22. Nxa8 Bxb2 23. Nxb6 Bd4 24. Nd5 f6 25. gxf6 gxf6 26. Nxd4 1-0

[Event "NB II. Asztalos csoport"]
[Site "Baja"]
[Date "2024.05.12"]
[Round "9.5"]
[White "Mohacsi, Andras J"]
[Black "Darazs, Zoltan"]
[Result "1-0"]
[WhiteElo "2112"]
[BlackElo "2046"]
[PlyCount "86"]
[EventDate "2023.10.08"]
[EventType "team-tourn"]
[EventRounds "9"]
[EventCountry "HUN"]
[Source "chess.hu"]
[WhiteTeam "Racalmas-Kiralysakk "]
[BlackTeam "Bajai SSC"]
[WhiteTeamCountry "HUN"]
[BlackTeamCountry "HUN"]

1. e4 e5 2. Nf3 Nc6 3. d4 exd4 4. Nxd4 Nf6 5. Nxc6 bxc6 6. Bd3 d6 7. O-O Be7 8.
Nc3 O-O 9. h3 Rb8 10. Rb1 Nd7 11. Be3 Bf6 12. Qd2 c5 13. b3 Ne5 14. Be2 Nc6 15.
Nd5 Bd4 16. Bg5 f6 17. Bh4 g5 18. Bg3 f5 19. c3 Bg7 20. exf5 Bxf5 21. Rbd1 Ne7
22. Bc4 Nxd5 23. Bxd5+ Kh8 24. f3 Qf6 25. Rc1 Rbe8 26. Bc6 Re7 27. Bf2 h6 28.
b4 cxb4 29. cxb4 a6 30. a4 Qb2 31. Qxb2 Bxb2 32. Rcd1 Rb8 33. Bd4+ Bxd4+ 34.
Rxd4 Re2 35. f4 Rg8 36. fxg5 Rxg5 37. h4 Rg4 38. Rxg4 Bxg4 39. Rf7 Rb2 40. b5
axb5 41. axb5 Be2 42. Rxc7 Bxb5 43. Rb7 Rxg2+ 1-0

[Event "NB II. Asztalos csoport"]
[Site "Baja"]
[Date "2024.05.12"]
[Round "9.6"]
[White "Arato, Bela"]
[Black "Zelenak, Donat"]
[Result "1-0"]
[WhiteElo "2035"]
[BlackElo "1888"]
[PlyCount "73"]
[EventDate "2023.10.08"]
[EventType "team-tourn"]
[EventRounds "9"]
[EventCountry "HUN"]
[Source "chess.hu"]
[WhiteTeam "Bajai SSC"]
[BlackTeam "Racalmas-Kiralysakk "]
[WhiteTeamCountry "HUN"]
[BlackTeamCountry "HUN"]

1. e4 c6 2. d4 d5 3. Nc3 dxe4 4. Nxe4 Bf5 5. Ng3 Bg6 6. Nf3 Nd7 7. h4 h6 8. h5
Bh7 9. Bd3 Bxd3 10. Qxd3 Ngf6 11. Bf4 e6 12. O-O-O Qa5 13. Kb1 Be7 14. Ne4 Nxe4
15. Qxe4 Nf6 16. Qe2 Qd5 17. Ne5 Qe4 18. Qxe4 Nxe4 19. Be3 Rd8 20. c4 Bf6 21.
f3 Ng3 22. Rhe1 O-O 23. Ng4 Be7 24. Bf2 Nf5 25. Ne5 Bf6 26. g4 Nd6 27. b3 a5
28. d5 exd5 29. Bb6 Rde8 30. Nd7 Rxe1 31. Rxe1 Bc3 32. Rc1 d4 33. Nxf8 Kxf8 34.
Bc5 Ke7 35. Rd1 b5 36. cxb5 cxb5 37. Bxd4 1-0

[Event "NB II. Asztalos csoport"]
[Site "Baja"]
[Date "2024.05.12"]
[Round "9.7"]
[White "Szabo, Levente"]
[Black "Javor, Sandor"]
[Result "1/2-1/2"]
[WhiteElo "1904"]
[BlackElo "2086"]
[PlyCount "131"]
[EventDate "2023.10.08"]
[EventType "team-tourn"]
[EventRounds "9"]
[EventCountry "HUN"]
[Source "chess.hu"]
[WhiteTeam "Racalmas-Kiralysakk "]
[BlackTeam "Bajai SSC"]
[WhiteTeamCountry "HUN"]
[BlackTeamCountry "HUN"]

1. d4 d5 2. c4 e6 3. cxd5 exd5 4. Nc3 c6 5. Nf3 Bd6 6. e3 f5 7. Ne5 Nf6 8. Be2
O-O 9. O-O Qe7 10. Nd3 Nbd7 11. a3 Ne4 12. Qc2 Qh4 13. f4 g5 14. Ne5 gxf4 15.
exf4 Qe7 16. Be3 Ndf6 17. h3 Nxc3 18. bxc3 Bxa3 19. c4 Bd6 20. c5 Bxe5 21. fxe5
Ne4 22. Bf4 Be6 23. Rf3 Kh8 24. Kh2 Rg8 25. Raa3 Rg7 26. Bf1 a6 27. Qc1 Rag8
28. Qe1 h5 29. Bg3 Nxg3 30. Rxg3 Qh4 31. Qd2 f4 32. Rxg7 Rxg7 33. Rf3 Rf7 34.
Kg1 Kg7 35. Bd3 Kh6 36. Qc2 Qg5 37. Qf2 h4 38. Kh2 Qg3+ 39. Kg1 Qxf2+ 40. Kxf2
Kg5 41. Be2 Bf5 42. Rb3 Be4 43. Bg4 Bf5 44. Be2 Bc2 45. Rc3 Ba4 46. Ra3 Bb5 47.
Bg4 Rf8 48. Kf3 Ra8 49. Ra5 Bd3 50. Kf2 Bf5 51. Bf3 Bg6 52. Be2 Bh5 53. Bf1 Kf5
54. Bd3+ Ke6 55. Bc2 Rg8 56. Ra3 Kd7 57. Ra1 Kc7 58. Re1 b5 59. cxb6+ Kxb6 60.
Rb1+ Kc7 61. Ra1 Ra8 62. Ra5 Kb6 63. Rc5 Re8 64. Ba4 Re6 65. Rc1 a5 66. Rb1+
1/2-1/2